000 00672cam a22002293a 4500
001 31827
003 PGUSA
005 20140828083705.0
008 100330s2010||||xxu|||||s|||||000 | eng d
040 _aPGUSA
_beng
042 _adc
050 4 _aQE
100 1 _aRodwell, G. F.
_q(George Farrer),
_d1843-
245 1 0 _aEtna :
_bA History of the Mountain and of its Eruptions
_h[electronic resource] /
_cG. F. Rodwell
260 _bProject Gutenberg,
_c2010
506 _aPublic domain in the USA.
516 _aElectronic text
653 _aEtna, Mount (Italy)
830 0 _aProject Gutenberg
_v31827
856 4 0 _uhttp://www.gutenberg.org/ebooks/31827
942 _cEB
999 _c261082
_d261082